[Event "Padova op-B 2nd"]
[Site "Padova"]
[Date "1999.12.18"]
[Round "4.33"]
[White "Broccardo, Nicola"]
[Black "Verdi, Ruben"]
[Result "1-0"]
[WhiteElo "1579"]
[BlackElo "1464"]
[PlyCount "93"]
[EventDate "1999.12.11"]
[EventType "swiss"]
[EventRounds "6"]
[EventCountry "ITA"]
[SourceTitle "EXT 2024"]
[Source "ChessBase"]
[SourceDate "2023.10.10"]
[SourceVersion "1"]
[SourceVersionDate "2023.10.10"]
[SourceQuality "1"]

1. Nf3 Nf6 2. b3 Nc6 3. Bb2 d5 4. d4 e6 5. e3 Be7 6. Bb5 a6 7. Bxc6+ bxc6 8. 0-0 0-0 9. Ne5 Bb7 10. Nd2 Nd7 11. f4 c5 12. Qg4 Nf6 13. Qh3 cxd4 14. exd4 c5 15. Rf3 Rc8 16. Rg3 cxd4 17. Qh6 g6 18. Rh3 Bc5 19. Kh1 Rc7 20. Ndf3 Nh5 21. Ng5 f6 22. Nxe6 Qe7 23. Nxf8 Qxf8 24. Qxf8+ Kxf8 25. Nd3 Bc8 26. Rf3 Bg4 27. Nxc5 Rxc5 28. Rf2 Bf5 29. Rc1 d3 30. Ba3 Kf7 31. Bxc5 d2 32. Rxd2 Nxf4 33. Rf1 g5 34. Rxd5 Bxc2 35. Rf2 Bxb3 36. axb3 Nxd5 37. b4 Nc3 38. Rc2 Nb5 39. Ra2 Ke6 40. Rxa6+ Kf5 41. g3 h5 42. Kg2 Nc7 43. Rc6 Nb5 44. Be7 Na7 45. Rxf6+ Ke5 46. Ra6 Nb5 47. Ra5 1-0

[Event "Padova op-B 2nd"]
[Site "Padova"]
[Date "1999.12.12"]
[Round "3.27"]
[White "Verdi, Ruben"]
[Black "Morganti, Lionello"]
[Result "0-1"]
[WhiteElo "1464"]
[BlackElo "1624"]
[PlyCount "56"]
[EventDate "1999.12.11"]
[EventType "swiss"]
[EventRounds "6"]
[EventCountry "ITA"]
[SourceTitle "EXT 2024"]
[Source "ChessBase"]
[SourceDate "2023.10.10"]
[SourceVersion "1"]
[SourceVersionDate "2023.10.10"]
[SourceQuality "1"]

1. e4 d6 2. d4 Nf6 3. Nc3 g6 4. Nf3 Bg7 5. Be3 0-0 6. h3 c6 7. Be2 b5 8. b4 Bb7 9. 0-0 a6 10. a4 e6 11. axb5 cxb5 12. Bd3 Nc6 13. Rb1 Rc8 14. Ne2 Ne7 15. Ng3 Nd7 16. Qd2 Nb6 17. Rfe1 Nc4 18. Bxc4 Rxc4 19. Qd3 Qd7 20. Nd2 Rc7 21. c4 Rfc8 22. Rbc1 bxc4 23. Nxc4 Qb5 24. Nb2 Qxb4 25. Rxc7 Qxe1+ 26. Kh2 Rxc7 27. Qa3 Nc8 28. Qa4 Kf8 0-1

[Event "Padova op-A 1st"]
[Site "Padova"]
[Date "1998.12.19"]
[Round "4.26"]
[White "Verdi, Ruben"]
[Black "Muradore, Aldo"]
[Result "1-0"]
[WhiteElo "1500"]
[BlackElo "1455"]
[PlyCount "81"]
[EventDate "1998.12.12"]
[EventType "swiss"]
[EventRounds "6"]
[EventCountry "ITA"]
[SourceTitle "EXT 2023"]
[Source "ChessBase"]
[SourceDate "2022.10.05"]
[SourceVersion "1"]
[SourceVersionDate "2022.10.05"]
[SourceQuality "1"]

1. e4 c5 2. Nc3 d6 3. Nf3 Nf6 4. Bb5+ Bd7 5. a4 Nc6 6. d4 cxd4 7. Nxd4 g6 8. Qd3 Bg7 9. f3 Rc8 10. 0-0 0-0 11. Nxc6 bxc6 12. Bc4 Qa5 13. Bd2 Qb6+ 14. Be3 c5 15. b4 Qxb4 16. Rfb1 Qa5 17. Rb7 Rb8 18. Rab1 Rxb7 19. Rxb7 Rd8 20. h3 Kf8 21. Bg5 Bc6 22. Rb1 Nd7 23. Nd5 f6 24. Bh4 Ne5 25. Qb3 Bxa4 26. Qb7 Bd7 27. Be1 Qa4 28. Bb5 Qxc2 29. Bxd7 Nxd7 30. Ba5 Ke8 31. Bxd8 Bf8 32. Nc7+ Kf7 33. Qd5+ Kg7 34. Ne6+ Kh8 35. Rb8 Qc1+ 36. Kh2 Nxb8 37. Nxf8 Qf4+ 38. Kg1 Qc1+ 39. Kf2 Qh6 40. Bxe7 Qg7 41. Qxd6 1-0